000
00307nam a2200121Ia 4500
008
190216s9999||||xx |||||||||||||| ||und||
100
_a
Prabhanshu Kumar
245
0
_a
Gate 2009 Life Sciences Chemistry(Compulsory)
260
_b
G K Publishers
_c
2008
300
_a
348
650
_a
References
942
_c
REF
999
_c
36881
_d
36881